| 000 | 01169nam a2200349 i 4500 | ||
|---|---|---|---|
| 003 | DO-SdBPM | ||
| 005 | 20250606091812.0 | ||
| 006 | a||||ar|||| 00| 0 | ||
| 007 | ta | ||
| 008 | 230707e2014 dr a||| 00| j spa d | ||
| 020 | _a9789945465310 | ||
| 040 |
_aDO-SdBPM _bspa _cBPMSU _erda |
||
| 082 | 4 |
_aRD863.44 _bJ61p 2016 _222 |
|
| 100 | 1 | _aJiménez, Josefina | |
| 100 | z | _a De Escobar, Obdulia García | |
| 245 | 1 | 0 |
_aPedro ranita / _cJosefina Jiménez ; edición Iván Payano ilustraciones : Víctor Manuel |
| 264 | 1 |
_aSanto Domingo : _bEdiciones CP, _c2016 |
|
| 300 |
_a43 páginas : _bIlustraciones ; _c20 cm |
||
| 336 |
_2rdaconten _atexto _btxt |
||
| 337 |
_2rdamedia _asin medición _bn |
||
| 338 |
_2rdacarrier _avolumen _bnc |
||
| 490 | 0 |
_aLa casa de los cuentos ; _a Casa roja |
|
| 500 | _a | ||
| 500 | _aIncluye datos biográficos de la autora en la contracubierta | ||
| 590 | _aInventariado 2025 /VM | ||
| 650 | 4 | _a Cuentos infantiles dominicanos | |
| 650 | 4 | _aLiteratura infantil dominicana | |
| 700 | 1 |
_aPayano, Iván _eeditor |
|
| 700 | 1 |
_aManuel, Vìctor _eilustrador |
|
| 910 | _aVMateo V. Control de calidad. BPMSU | ||
| 942 |
_2ddc _cBK |
||
| 999 |
_c15130 _d15130 |
||